Strukturalismus, průmyslový design a vývoj kultury.

Rozpory medzi teóriou štrukturalizmu a skúsenosťami z industrializácie vo Veľkej Británii. Izolovanie designu od výroby. Deformácie, ktoré vznikli chybným pochopením remeselných tradícií pri tvorbe designu.

Salvato in:
Dettagli Bibliografici
Autore principale: Moody, S.
Natura: Capitolo di libro
Lingua:ceco
Soggetti:
Tags: Aggiungi Tag
Nessun Tag, puoi essere il primo ad aggiungerne!!

MARC

LEADER 00000naa a2200000 4500
001 r002103
005 20220819175909.4
041 0 |a cze 
044 |a [CS] 
245 1 0 |a Strukturalismus, průmyslový design a vývoj kultury.  |c S. Moody 
520 |a Rozpory medzi teóriou štrukturalizmu a skúsenosťami z industrializácie vo Veľkej Británii. Izolovanie designu od výroby. Deformácie, ktoré vznikli chybným pochopením remeselných tradícií pri tvorbe designu. 
610 2 0 |a dizajn priemyselný 
610 2 0 |a industrializácia 
610 2 0 |a Veľká Británia 
610 2 0 |a výroba 
610 2 0 |a remeslá 
100 1 |a Moody, S.